000 00768nam a22002417a 4500
003 UA-OsUOA
001 42314
007 ta
008 20081219b un ||||| |||| 00| 0 ukr d
100 _aСліпушко Оксана
090 _a94(477).02
_bС47
942 _cBK
040 _aUA-OsUOA
_bukr
_cUA-OsUOA
_dUA-OsUOA
245 _aКод свяої Софії
300 _a256 с.
955 _a4
041 _aukr
080 _a94(477).02
260 _aК.
_b"Аконіт"
_c2007
246 3 1 _a(Князі - фундатори Софійського собору: Володимир Великий, Ярослав Мудрий, Володимир Мономах)
650 7 _a9 Географія. Біографії. Історія
_2UDC
999 _c440813
_d440813